| 000 | 00748cam a2200301 4500 | ||
|---|---|---|---|
| 008 | 090401t1996 xxu||||| |||| 00| 0 eng d | ||
| 020 | _a0421444703 | ||
| 035 | _a(Sirsi) u42776 | ||
| 041 | _aeng | ||
| 050 | _a346.410435 | ||
| 100 | _aGale, Charles James | ||
| 245 | _aGale on easements. | ||
| 250 | _a16th ed. | ||
| 260 |
_aLondon _bSweet & Maxwell _c1996 |
||
| 300 | _alxvii,623p. ; 25cm. | ||
| 350 | _a125 | ||
| 650 | _aAIR | ||
| 650 |
_aBoundary disputes _96221 |
||
| 650 |
_aParty walls _96258 |
||
| 650 | _aRIGHTS OF WAY | ||
| 650 | _aRIGHTS TO LIGHT | ||
| 650 | _aWATER | ||
| 690 | _aHIGHWAYS RIGHTS OF WAY AND EASEMENTS | ||
| 700 | _aGaunt, Jonathan | ||
| 700 | _aMorgan, Paul | ||
| 942 | _n0 | ||
| 948 | _c04/03/1997 | ||
| 999 |
_c91177 _d91177 |
||